Statistics for WWE Royal Rumble Winners

Click here to take the quiz!

General Stats

  • This quiz has been taken 59,835 times
    (9,364 since last reset)
  • The average score is 19 of 27

Answer Stats

YearWinner% Correct
2008, 2013John Cena
92%
2002, 2016Triple H
87%
2015Roman Reigns
86%
2023, 2024Cody Rhodes
85%
1997, 1998, 2001Steve Austin
85%
2003, 2022Brock Lesnar
84%
2000The Rock
84%
2007The Undertaker
84%
1990, 1991Hulk Hogan
83%
2009, 2017Randy Orton
83%
1995, 1996Shawn Michaels
80%
2010, 2021Edge
79%
2019Seth Rollins
78%
2005, 2014Batista
77%
2006Rey Mysterio
77%
2020Drew McIntyre
70%
1994Bret Hart
66%
2018Shinsuke Nakamura
64%
2012Sheamus
63%
2011Alberto Del Rio
61%
1992Ric Flair
61%
2004Chris Benoit
59%
1999Vince McMahon
59%
1988Jim Duggan
52%
1993Yokozuna
50%
1994Lex Luger
46%
1989Big John Studd
38%

Score Distribution

Percentile by Number Answered

Percent of People with Each Score

Your Score History

You have not taken this quiz since the last reset